|
|
|
|
| LEADER |
00739cam a2200205 7i4500 |
| 001 |
0000021671 |
| 005 |
20170218090000.0 |
| 020 |
|
|
|a 1597491373 (pbk.)
|
| 020 |
|
|
|a 9781597491372
|
| 040 |
|
|
|a DLC
|
| 090 |
0 |
0 |
|a QA76.9.C55
|b W34 2007
|
| 100 |
1 |
|
|a Walther, Henrik
|
| 245 |
1 |
0 |
|a How to cheat at configuring Exchange server 2007 :
|b including Outlook web, mobile, and voice access
|c Henrick Walther.
|
| 260 |
|
|
|a Rockland, MA:
|b Syngress,
|c 2007.
|
| 300 |
|
|
|a xxii, 592 p.:
|b ill.;
|c 23 cm.
|
| 500 |
|
|
|a Includes index
|
| 650 |
0 |
0 |
|a Client/server computing
|
| 650 |
0 |
0 |
|a Microsoft Exchange server
|
| 997 |
|
|
|a Communication, Visual Art & Computing, Faculty
|b Computing, Department
|
| 999 |
|
|
|a 0000030628
|b BOK
|c OPEN SHELF
|e 2nd Floor, Bestari Jaya
|